Entry Nombre personal
001 - NÚMERO DE CONTROL
- campo de control: 132683
003 - IDENTIFICADOR DE NÚMERO DE CONTROL
- campo de control: SpMaBN
005 - FECHA Y HORA DE LA ÚLTIMA TRANSACCIÓN
- campo de control: 20250829114132.0
008 - ELEMENTOS DE DATO DE LONGITUD-FIJA
- campo de control de longitud fija: 930414n| azznnaabn a aaa
016 ## - NÚMERO DE CONTROL DE UNA AGENCIA BIBLIOGRÁFICA NACIONAL
- Número de control del registro: BNE19930341165
024 7# - IDENTIFICADOR DE OTROS ESTÁNDARES
- Número estándar o código: http://viaf.org/viaf/84037004/
- Fuente: viaf
024 7# - IDENTIFICADOR DE OTROS ESTÁNDARES
- Número estándar o código: https://isni.org/isni/0000000078585812
- Fuente: isni
024 7# - IDENTIFICADOR DE OTROS ESTÁNDARES
- Número estándar o código: http://www.wikidata.org/entity/Q296238
- Fuente: wikidata
040 ## - FUENTE DE CATALOGACIÓN
- Centro catalogador/agencia de origen: SpMaBN
- Lengua de catalogación: spa
- Centro/agencia transcriptor: SpMaBN
- Normas de descripción: rdc
- Convención/Normas de encabezamiento de materia/tesauro: embne
046 ## - FECHAS CON CODIFICACIÓN ESPECIAL
- Fecha de la muerte: -0072
100 1# - ENCABEZAMIENTO-NOMBRE DE PERSONA
- Nombre de persona: Sertorio, Quinto,
- Fechas asociadas al nombre: 122 a. C.-72 a. C.
370 ## - LUGAR ASOCIADO
- Lugar de nacimiento: Norcia, Perugia, Italia
- Fuente del término: embne
370 ## - LUGAR ASOCIADO
- Lugar de fallecimiento: Huesca, Aragón, España
- Fuente del término: embne
370 ## - LUGAR ASOCIADO
- Otro lugar asociado: Hispania, Roma
- Fuente del término: embne
374 ## - OCUPACIÓN
- Ocupación: Militares
- Ocupación: Políticos
- Fuente del término: embne
375 ## - GÉNERO/SEXO
- Género: Masculino
377 ## - IDIOMA ASOCIADO
- Código del idioma: und
- Término de lengua/lenguaje: Indeterminada
400 1# - TRAZADO DE VÉASE--NOMBRE DE PERSONA
- Nombre de persona: Sertorius, Quintus,
- Fechas asociadas al nombre: 122 a. C.-72 a. C.
400 1# - TRAZADO DE VÉASE--NOMBRE DE PERSONA
- Nombre de persona: Sertori, Quint,
- Fechas asociadas al nombre: 122 a. C.-72 a. C.
670 ## - FUENTE DE DATOS ENCONTRADOS
- Cita de la fuente: La guerra hispana de Sertorio, 82-72 a.C., 2014
670 ## - FUENTE DE DATOS ENCONTRADOS
- Cita de la fuente: Espasa
- Información encontrada: (Quinto Sertorio; político y general romano n. en Nursia hacia el 121 a.C. y m. en Osca (Huesca) en el 72 a.C.)
670 ## - FUENTE DE DATOS ENCONTRADOS
- Cita de la fuente: WWW Wikipedia, 28-4-2015
- Información encontrada: (Quinto Sertorio; Quintus Sertorius; Nursia, 122 a. C. - Osca, 72 a. C.; destacado político y militar romano de la época final de la República romana, célebre por el movimiento antisilano que dirigió en Hispania)
670 ## - FUENTE DE DATOS ENCONTRADOS
- Cita de la fuente: WWW LENOTI, 28-4-2015
- Información encontrada: (Sertori, Quint)
